LEADER 00771naa a2200145 i 4500 001 000000318190 003 CaOOAMICUS 005 20180831173243.0 008 180831n xx u000 u eng u 013 $a27495 040 $aSeMil$bita 100 1 $aRaga, José T.$0(OLS)http://semarc/name/74617 245 10$aWelfare and devolution to local governments or mediating institutions. 773 0 $tIntergenerational solidarity, welfare and human ecology.$dVatican City : The Pontifical academy of social sciences, 2004.$kPontificiae academiae scientiarum = The pontifical academy of social sciences$kPontificiae academiae scientiarum acta$z88-86726-16-3$gp.259-306$w()137602 996 $6245$aWelfare and devolution to local governments or mediating institutions$9(OLS)http://semarc/title/392084 LEADER 00528nab a2200133 i 4500 001 000000326093 003 CaOOAMICUS 005 20180831173515.0 008 180831n it uu u0 0ita r 013 $a37231 040 $aSeMil$bita 245 12$aI giovani si interrogano sulla vocazione. - In [rubrica] :$bEsercizi spirituali. 773 0 $tOgni vita è vocazione. - 32 p. - Titolo dalla copertina.$gp.4-5$w()288914 996 $6245$aI giovani si interrogano sulla vocazione. - In [rubrica] :$bEsercizi spirituali.$9(OLS)http://semarc/title/399202